Loading...
| BB | 0 | 3 | 0 | 0 | 30 | 93 | 112.00 | 1 | 3 | 0.00 | 0.00 |
| TR | 0 | 2 | 0 | 1 | 20 | 136 | 147.00 | 1 | 2 | 0.00 | 0.00 |
| DM | 0 | 2 | 0 | 1 | 20 | 142 | 142.00 | 0 | 2 | 0.00 | 0.00 |
| AW | 0 | 1 | 0 | 0 | 10 | 109 | 109.00 | 0 | 1 | 0.00 | 0.00 |
| AG | 0 | 1 | 1 | 1 | 5 | 138 | 138.00 | 0 | 1 | 0.00 | 0.00 |
| RR | 0 | 1 | 1 | 0 | 5 | 119 | 119.00 | 0 | 1 | 0.00 | 0.00 |
| RC | 0 | 0 | 0 | 0 | 0 | 0.00 | 0 | 0 | 0.00 | 0.00 | |
| MB | 0 | 0 | 4 | 0 | -20 | 0.00 | 0 | 0 | 0.00 | 0.00 |
| BB | obstructive sleep apnea | 10 | 93 |
| AW | Guān Yǔ | 10 | 109 |
| BB | vehicle traffic | 10 | 117 |
| AG | Ramayana | -5 | 119 |
| RR | Tamil Nadu | 10 | 119 |
| MB | Obi Okonkwo | -5 | 120 |
| AW | mushroom foraging | 0 | 121 |
| RR | Louisiana | -5 | 121 |
| RC | Bret Harte | 0 | 122 |
| MB | spleen | 0 | 122 |